|
|
|
|
| LEADER |
00000nam0a2200000 4500 |
| 001 |
221542 |
| 005 |
20231101230416.0 |
| 010 |
|
|
|a 3190015236
|
| 035 |
|
|
|a (RuTPU)RU\TPU\book\241716
|
| 035 |
|
|
|a RU\TPU\book\30994
|
| 090 |
|
|
|a 221542
|
| 100 |
|
|
|a 20120912d2003 m y0gery50 ba
|
| 101 |
0 |
|
|a ger
|
| 102 |
|
|
|a DE
|
| 105 |
|
|
|a a j 000zy
|
| 200 |
1 |
|
|a Lehrwerk für Deutsch als Fremdsprache
|e Kursbuch
|h Teil 3
|f compilern H. Aufderstraße, W. Bonzli, W. Lohfert
|
| 210 |
|
|
|a Donauworth
|c Hueber Verlag
|d 2003
|
| 215 |
|
|
|a 160 p.
|c il.
|
| 225 |
1 |
|
|a Themen Neu
|
| 606 |
1 |
|
|a Немецкий язык
|x Учебные руководства и пособия
|2 stltpush
|3 (RuTPU)RU\TPU\subj\45390
|9 64633
|
| 610 |
1 |
|
|a немецкий язык
|
| 610 |
1 |
|
|a учебные пособия
|
| 686 |
|
|
|a Ш143.24-923
|v LBC/SL-A
|2 rubbk
|
| 702 |
|
1 |
|a Aufderstraße
|b H.
|g Hartmut
|4 220
|
| 702 |
|
1 |
|a Bönzli
|b W.
|g Werner
|4 220
|
| 702 |
|
1 |
|a Lohfert
|b W.
|g Walter
|4 220
|
| 801 |
|
0 |
|a DE
|c 20011209
|g PSBO
|
| 801 |
|
2 |
|a RU
|b 63413507
|c 20210111
|g PSBO
|
| 942 |
|
|
|c BK
|